00497cam a22001577a 4500008004000000082001800040100001700058245003900075260003200114300001400146650003600160650003200196650004600228650003100274650003400305180718b1950 xxu||||| |||| 00| 0 eng d aA99 G151/N131 aNag, Kalidas aTolstoy and Gandhicby Kalidas Nag aPatnabPustak Bhandarc1950 axix, 135p aNationalists -India -Biography. aStatesmen -India -Biography aAuthors, Russian -19th century -Biography aGandhi, Mahatma, 1869-1948 aTolstoy, Leo, graf, 1828-1910